000 00749nam a22002057a 4500
005 20100804102526.0
010 _aENG-98009
020 _a9788178129068
_c240.00
035 _aEN-81542
037 _bDBAD/PUB
082 _a000
100 _aGupta's, R.
_95693
245 _aUnion bank of India clerk - cum- cashier :
_brecruitment exam /
_cby R. Gupta's
260 _aNew Delhi
_bRamesh Publishing House
_c2010
270 _a12-H, New Daryaganj Road, Opp. Traffic Kotwali
_bNew Delhi
_e110002
300 _aVarious paging
_c24cm (pbk)
650 _aCompetitive exam, UBI
_95694
942 _2ddc
_cEN
_h000
_mGUP
999 _c39094
_d39094